| 000 | 00704nam a2200193 i 4500 | ||
|---|---|---|---|
| 001 | 22578 | ||
| 003 | ES-MaACL | ||
| 005 | 20250809062547.0 | ||
| 007 | t| | ||
| 008 | 021203s1874 sp ||||1| spa d | ||
| 100 | 1 |
_aAlonso Martínez, Manuel, _d1827-1891 _920356 |
|
| 245 | 1 | 0 |
_aEstudios sobre Filosofía del Derecho _b: discursos y memorias leídos en la Academia de Ciencias Morales y Políticas / _cpor Manuel Alonso Martínez. |
| 260 |
_aMadrid : _bEduardo Martínez García, _c1874. |
||
| 300 |
_a781 p. ; _c26 cm. |
||
| 650 | 4 |
_aDerecho- _xFilosofía _911620 |
|
| 710 | 2 |
_aReal Academia de Ciencias Morales y Políticas (España) _9222050 |
|
| 852 |
_aES-MaACL _jF-2094 |
||
| 999 |
_c22578 _d22578 |
||